000 00475cam a22001934a 4500
005 20250605164321.0
008 250528s ||||||||||||||||||||||||d
035 _a22939
020 _a9780273601166
040 _aGR-AtMCL
_bgre
_dGR-AtMCL
_eAACR2
245 1 _aQUANTITATIVE APPROACHES IN BUSINESS STUDIES
250 _a3
260 _bPitman Publishing,
_c1993
300 _a384
700 1 _aMorris Clare
_9961
942 _cBK
999 _c7982
_d7982